Ảnh hưởng của Kali đến triệu chứng cháy lá cây chôm chôm (Nephelium lappaceum) : Báo cáo tổng kết đề tài khoa học và công nghệ cấp Trường
Nội dung đề tài điều tra, bố trí thí nghiệm nhằm mục đích xác định vai trò cảu nước và lượng kali bón vào đất có ảnh hưởng đến bệnh cháy lá, đây cũng là mục tiêu của nghiên cứu.
Guardat en:
| Autor principal: | |
|---|---|
| Format: | Llibre |
| Idioma: | Undetermined |
| Publicat: |
Cần Thơ
Trường Đại học Cần Thơ
2006
|
| Matèries: | |
| Etiquetes: |
Afegir etiqueta
Sense etiquetes, Sigues el primer a etiquetar aquest registre!
|
| Thư viện lưu trữ: | Trung tâm Học liệu Trường Đại học Cần Thơ |
|---|
| LEADER | 01085nam a2200193Ia 4500 | ||
|---|---|---|---|
| 001 | CTU_204096 | ||
| 008 | 210402s9999 xx 000 0 und d | ||
| 082 | |a 634.6 | ||
| 082 | |b B200 | ||
| 100 | |a Lê, Văn Bé | ||
| 245 | 0 | |a Ảnh hưởng của Kali đến triệu chứng cháy lá cây chôm chôm (Nephelium lappaceum) : | |
| 245 | 0 | |b Báo cáo tổng kết đề tài khoa học và công nghệ cấp Trường | |
| 245 | 0 | |c Lê Văn Bé (Chủ nhiệm đề tài) ; Lê Bảo Long ... [et al.] (tham gia thực hiện) | |
| 260 | |a Cần Thơ | ||
| 260 | |b Trường Đại học Cần Thơ | ||
| 260 | |c 2006 | ||
| 520 | |a Nội dung đề tài điều tra, bố trí thí nghiệm nhằm mục đích xác định vai trò cảu nước và lượng kali bón vào đất có ảnh hưởng đến bệnh cháy lá, đây cũng là mục tiêu của nghiên cứu. | ||
| 650 | |a Rambutan,Trái chôm chôm | ||
| 980 | |a Trung tâm Học liệu Trường Đại học Cần Thơ | ||